Fideicomiso y securitización : Análisis legal, fiscal y contable /
Guardado en:
| Autor Principal: | |
|---|---|
| Otros Autores: | , |
| Formato: | Libro |
| Idioma: | Spanish |
| Publicado: |
Buenos Aires :
La Ley,
2006
|
| Edición: | 2a. ed. act. y amp. |
| Materias: | |
| Etiquetas: |
Agregar Etiqueta
Sin Etiquetas, Sea el primero en etiquetar este registro!
|
| LEADER | 00584nam a22001815a 4500 | ||
|---|---|---|---|
| 001 | DER.der003801 | ||
| 008 | 180615s2006####ag#||||||||||||||#||spa|| | ||
| 005 | 20251020174543.0 | ||
| 245 | 1 | 0 | |a Fideicomiso y securitización : |b Análisis legal, fiscal y contable / |c Nicolás Malumián [et. al.]. |
| 250 | |a 2a. ed. act. y amp. | ||
| 260 | |a Buenos Aires : |b La Ley, |c 2006 | ||
| 300 | |a 808 p. | ||
| 020 | |a 9870308317 | ||
| 100 | 1 | |a Malumián, Nicolás | |
| 700 | 1 | |a Diplotti, Adrián G. | |
| 700 | 1 | |a Gutiérrez, Pablo | |
| 650 | 7 | |a DERECHOS REALES | |
| 859 | |a DERECHO |b BIB. DERECHO |h 346.07 |i MAL |p 005383 | ||
